000 00444nam a22001577a 4500
005 20251108163340.0
008 250721s1983 xx 000 0 ara d
082 1 4 _a135/محم
100 1 _aبن سيرين، محمد
245 1 0 _aتفسير الأحلام /
264 1 _aبيروت :
_bالمكتبة الحديثة للطباعة والنشر،
_c1983.
300 _a192 ص
650 1 7 _aالأحلام
942 _2ddc
_cBK
999 _c428
_d428